000 00432nam a2200181Ia 4500
001 22608
005 20260414150842.0
008 260414t2010||||xx |||||||||||||| ||spa||
041 _aESP
082 _a621.38216
_bZ24
100 _aZamarreño, Jesús M.,
_eAUT
245 0 _aAcceso a datos mediante OPC
_b
260 _c2010
300 _a82 páginas :
_c19 cm.
650 _aTCA
654 _aCET
942 _cLIB
_dJUS
_fJUS
_2ddc
_n
999 _c22608
_d22608